000 00653nam a2200229Ia 4500
003 OSt
005 20220926004502.0
006 a|||||r|||| 00| 0
007 ta
008 220923b |||||||| |||| 00| 0 eng d
037 _cGeneral Book
040 _aRTL
_cRTL
_beng
041 _2eng
_aeng
082 _aV2,31p. N89, M9.151-17
110 _aRajya sabha.
245 0 _aParliamentary debates
_b Rajya Sabha,Official report.
260 _a New Delhi
_bRajya sabha secretariat.
_c1989
300 _a472p.
_ccm.
700 _aRajya sabha.
942 _hV2,31p. N89, M9.151-17
_cGB
_2CC
999 _c611338
_d611338